Vector calculus (Record no. 11844)

000 -LEADER
fixed length control field 00878cam a2200289 a 4500
001 - CONTROL NUMBER
control field 16818748
005 - DATE AND TIME OF LATEST TRANSACTION
control field 20170105102349.0
008 - FIXED-LENGTH DATA ELEMENTS--GENERAL INFORMATION
fixed length control field 110609s2012 nyua 001 0 eng
010 ## - LIBRARY OF CONGRESS CONTROL NUMBER
LC control number 2011931725
020 ## - INTERNATIONAL STANDARD BOOK NUMBER
International Standard Book Number 9781429224048
020 ## - INTERNATIONAL STANDARD BOOK NUMBER
International Standard Book Number 1429224045
040 ## - CATALOGING SOURCE
Original cataloging agency DLC
Transcribing agency DLC
Modifying agency DLC
042 ## - AUTHENTICATION CODE
Authentication code pcc
082 00 - DEWEY DECIMAL CLASSIFICATION NUMBER
Classification number 515
Edition number 23
100 1# - MAIN ENTRY--PERSONAL NAME
Personal name Marsden, Jerrold E.
245 10 - TITLE STATEMENT
Title Vector calculus
Statement of responsibility, etc. Jerrold E. Marsden, Anthony J. Tromba.
250 ## - EDITION STATEMENT
Edition statement 6th ed.
260 ## - PUBLICATION, DISTRIBUTION, ETC.
Place of publication, distribution, etc. New York :
Name of publisher, distributor, etc. W.H. Freeman,
Date of publication, distribution, etc. c2012.
300 ## - PHYSICAL DESCRIPTION
Extent xxv, 545 p. :
Other physical details ill. ; 27 cm.
650 #0 - SUBJECT ADDED ENTRY--TOPICAL TERM
Topical term or geographic name entry element Calculus.
650 #0 - SUBJECT ADDED ENTRY--TOPICAL TERM
Topical term or geographic name entry element Vector analysis.
700 1# - ADDED ENTRY--PERSONAL NAME
Personal name Tromba, Anthony.
906 ## - LOCAL DATA ELEMENT F, LDF (RLIN)
a 7
b cbc
c origcop
d 3
e epcn
f 20
g y-gencatlg
942 ## - ADDED ENTRY ELEMENTS (KOHA)
Source of classification or shelving scheme
Koha item type Book
Holdings
Withdrawn status Lost status Damaged status Not for loan Collection code Permanent Location Current Location Shelving location Date acquired Source of acquisition Cost, normal purchase price Total Checkouts Full call number Barcode Checked out Date last seen Date last checked out Price effective from Koha item type
          Central Library (CL) Central Library (CL) General Stacks 05/08/2013 Allied Book Company 8111.23 3 515 SEECS012347 07/13/2021 03/15/2021 03/15/2021 05/16/2013 Book
© 2023 Central Library, National University of Sciences and Technology. All Rights Reserved.